000 00412nam a2200169Ia 4500
001 22302
005 20260414150822.0
008 260414t2005||||xx |||||||||||||| ||spa||
041 _aESP
082 _a621.3136
_bO29
100 _aOcharan P., Miguel
_eAUT
245 0 _aMáquinas asíncronas :
_bestados estable y dinámico
260 _c2005
650 _aTCA
654 _aCET
942 _cLIB
_dJUS
_fJUS
_2ddc
_n
999 _c22302
_d22302